|
|
|
|
| LEADER |
00000nab a2200000 a 4500 |
| 001 |
vtls000692748 |
| 003 |
SK-MaSNL |
| 005 |
20260319075539.0 |
| 008 |
160314c1999 xo 0 hun |
| 015 |
|
|
|a SNBRB1999/04-10618
|
| 035 |
|
|
|a CLN000044915
|
| 040 |
|
|
|a SNKBUCL
|b slo
|c SNKBUCL
|e AACR2
|
| 041 |
0 |
|
|a slo
|
| 044 |
|
|
|a xo
|c SK
|
| 080 |
|
|
|a 82:061.7:06.063:82.085
|2 UDC-MRF-SK2
|
| 080 |
|
|
|a 82.085
|2 UDC-MRF-SK2
|
| 080 |
|
|
|a 82:929:894.511 (437.6)
|2 UDC-MRF-SK2
|
| 080 |
|
|
|a 894.511 (437.6):929
|2 UDC-MRF-SK2
|
| 080 |
|
|
|a 929 Gyurcsó, István
|2 UDC-MRF-SK2
|
| 100 |
1 |
|
|a Száz, Ildikó,
|d 1970-
|4 aut
|9 103403
|
| 245 |
1 |
0 |
|a Hívj vissza, küszködő falum-
|b a költészet napja alkalmából Garamkövesdre zarándokoltunk
|c Száz Ildikó
|
| 600 |
1 |
7 |
|a Gyurcsó, István
|d 1915-1984
|x dni pamätné
|z Kamenica nad Hronom (Slovensko)
|y 1999
|2 snkbucl
|9 889198
|
| 611 |
1 |
7 |
|a Deň maďarskej poézie na Slovensku
|d 1999
|2 snkbucl
|9 889199
|
| 650 |
0 |
7 |
|a amatérsky umelecký prednes
|x súťaže
|2 snkbucl
|9 86390
|
| 651 |
|
7 |
|a 404
|2 snkbucl
|9 296361
|
| 773 |
0 |
|
|t Szabad újság
|g Roč. 7, č. 16 (1999), s. 9
|
| 850 |
|
|
|a Slovenská národná knižnica v Martine
|
| 852 |
|
|
|a SNK
|b KIS3GCP
|
| 958 |
|
|
|a HU
|
| 958 |
|
|
|a SK
|
| 958 |
|
|
|a LX
|
| 958 |
|
|
|a BX
|
| 958 |
|
|
|a RBX
|
| 999 |
|
|
|c 1410175
|d 1412105
|